LIBRARY & INFORMATION CENTRE, KCAET, TAVANUR

ONLINE PUBLIC ACCESS CATALOGUE (OPAC)

Textbook of dairy plant layout and design (Record no. 13792)

MARC details
000 -LEADER
fixed length control field 00283nam a22001217a 4500
020 ## - INTERNATIONAL STANDARD BOOK NUMBER
ISBN 9788171640222
082 ## - DEWEY DECIMAL CLASSIFICATION NUMBER
Classification number 637.14
Item number CHA/TE
100 ## - MAIN ENTRY--AUTHOR NAME
Personal name Chander, Lalat
245 ## - TITLE STATEMENT
Title Textbook of dairy plant layout and design
260 ## - PUBLICATION, DISTRIBUTION, ETC. (IMPRINT)
Place of publication New Delhi
Name of publisher ICAR
Year of publication 2010
300 ## - PHYSICAL DESCRIPTION
Number of Pages 209p
942 ## - ADDED ENTRY ELEMENTS (KOHA)
Koha item type Books
Holdings
Withdrawn status Lost status Damaged status Collection code Home library Current library Shelving location Date acquired Source of acquisition Cost, normal purchase price Full call number Accession Number Koha item type
      Non-fiction KAUAET KAUAET General Stacks 31/03/2012 International Books & Periodicals Supply Service, Delhi 300.00 637.14 CHA/TE 23579 Books
free website counter